00585nam a2200229Ia 4500008004100000020001500041050000800056050001600064100002200080245001700102245004300119260001500162260002000177260000900197300001500206440002500221650001500246650001200261650003100273650002500304700002600329160319s9999 xx 000 0 und d a1854340522 a418 b.N628t 1991 aNicholson, Robert 4aThe Aztecs / c by Robert Nicholson and Claire Watts. aNew York : bScholastic Inc. c1991 a31 pages ; aA Jump History Book. aAztecs --  aAztecs. aMexico -- History, to 1519 xJuvenile literature. aWatts, Claire, author